000 01385nam a2200409 4500
001 21246
003 VRT
005 20260225135128.0
008 200104s2018 xo a g 000 j slo
015 _aSNBA2018/07
020 _a9788081282171
_q(viazané)
035 _aurn:nbn:sk:snk-am00d4lf
035 _aurn:nbn:sk:snk-am3hlii
035 _a24B6A9A1-8483-4A0D-8CFF-86B3363FE295
039 9 _a202001041316
_bVLOAD
_c201807201636
_dcsnk08
040 _aSNK
_bslo
_cSNK
_erda
041 0 _aslo
044 _axo
_cSK
072 7 _a821.162.4-3
_xSlovenská próza
_2konspekt
080 _a821.162.4-32
_22011
100 1 _aHusárová, Jana,
_d1985-
_4aut
245 1 0 _aChodila dievčina po hore plačúci
_cJana Husárová ; ilustrovala Mária Fúčelová
264 1 _aMartin
_bMatica slovenská
_c2018
300 _a100 strán
_c18 cm
336 _atext
_btxt
_2rdacontent
337 _abez média
_bn
_2rdamedia
338 _azväzok
_bnc
_2rdacarrier
490 1 _aModrá katedrála
655 7 _aslovenské poviedky
_2SNKPH
655 7 _aSlovak stories
_2SNKPHeng
700 1 _aFúčelová, Mária,
_d1991-
_4ill
830 0 _aModrá katedrála
942 _2ddc
_cKLDE
_n0
949 _617A1333398
_asnkSD 87459
_bsnk2018/14405
_o1361/2018
_s6100:20180903
949 _617A1333399
_asnkSD 87459 D1
_bsnk2018/14406
_o1361/2018
949 _6273K0626538
_asvkpoA 238136
_bsvkpo624256
999 _c21246
_d21246